|
|
|
|
| LEADER |
00000nam a2200000 a 4500 |
| 001 |
UCN0168 |
| 003 |
CL-VaPUC |
| 008 |
010316e19990000CL |||||||||||||||||spa|d |
| 082 |
0 |
4 |
|a 658.404
|b COR
|2 21
|
| 110 |
2 |
|
|a CORFO
|e author
|9 455508
|
| 245 |
1 |
0 |
|a Proyectos FONTEC 1991 - 1999
|
| 300 |
|
|
|a 189 h
|
| 942 |
|
|
|c BK
|
| 945 |
|
|
|d 20010316 00:00:00
|a cmena
|
| 260 |
|
|
|a Santiago
|b CORFO
|c 1999
|
| 650 |
|
0 |
|a Proyectos
|9 337967
|
| 650 |
|
0 |
|a Gestión de proyectos
|9 260970
|
| 650 |
|
0 |
|a Inversiones
|9 345867
|
| 650 |
|
0 |
|a Productos industriales
|9 351544
|
| 650 |
|
0 |
|a Investigación científica
|9 259857
|
| 583 |
|
|
|a last modification
|c 20010316 00:00:00
|k Rodrigo Vera
|
| 999 |
|
|
|c 294104
|d 294102
|